000 00357nam a2200157Ia 4500
008 230711s9999||||xx |||||||||||||| ||und||
041 _aENG
082 _a800
_bHI-T
100 _aHill,Napoleon
245 0 _aThink and grow rich
250 _a1st Ed.
260 _c1960
_aNew York
_bBallantine Books
300 _a233
650 _aLiterature
942 _cBK
999 _c5335
_d5335